000 00715nam a2200193 i 4500
001 51912
003 ES-MaACL
005 20250731063028.0
007 t|
008 030820s1862 fr ||||1| fre d
100 1 _aDarwin, Charles,
_d1809-1882
_942770
245 1 0 _aDe l'origine des especes ou Des lois du progrés chez les étres organisés /
_cpar Charles Darwin ; traduit par Clémence-Auguste Roger.
260 _aParis :
_bGuillaumin et Cie,
_c1862 (
_eSaint-Denis :
_fA. Moulin)
300 _aLXIV, XXIV, 25-712 p. ;
_c18 cm.
700 1 _aRoger, Clémence-Auguste.
_998928
740 0 _aDes lois du progrés chez les étres organisés.
852 _aES-MaACL
_jG-9255
999 _c51912
_d51912